[Event "DPMM 2122 Hildesheimer SV - SG 1871 Lö"]
[Site "?"]
[Date "2022.03.27"]
[Round "20.3"]
[White "Frank, Christian"]
[Black "Boehm, Christian"]
[Result "1-0"]
[WhiteElo "2032"]
[BlackElo "2075"]
[PlyCount "93"]
[EventDate "2022.??.??"]

1. d4 Nf6 2. c4 g6 3. Nc3 Bg7 4. e4 d6 5. Nf3 O-O 6. Be2 e5 7. O-O Nc6 8. d5
Ne7 9. Ne1 Nd7 10. Be3 f5 11. f3 f4 12. Bf2 g5 13. Rc1 Rf7 14. c5 Nxc5 15. b4
Na6 16. Nd3 Bd7 17. a4 h5 18. Nb5 b6 19. Be1 Bf6 20. Nf2 Rg7 21. h3 Ng6 22. Qc2
Nh4 23. Na3 Bc8 24. Qc6 Rb8 25. Nb5 Bd7 26. Qc4 Ra8 27. Rc3 Kh8 28. a5 bxa5 29.
Ra3 Nxb4 30. Rxa5 c5 31. dxc6 Nxc6 32. Ra6 Nd4 33. Nxd4 exd4 34. Rxd6 Qe7 35.
Qd5 Rb8 36. Nd3 Rb5 37. Nc5 Rxc5 38. Qxc5 d3 39. Bxd3 Ng6 40. Bb4 Ne5 41. Rd5
Nxd3 42. Qxe7 Bxe7 43. Bxe7 Rxe7 44. Rxd3 Kg7 45. Ra1 Bc8 46. Rc3 Be6 47. Rca3
1-0

[Event "DPMM 2122 Hildesheimer SV - SG 1871 Lö"]
[Site "?"]
[Date "2022.03.27"]
[Round "20.4"]
[White "Post, Hugo"]
[Black "Janhoff, Axel"]
[Result "1-0"]
[WhiteElo "2133"]
[BlackElo "2014"]
[PlyCount "85"]
[EventDate "2022.??.??"]

1. e4 c5 2. Nf3 e6 3. d4 cxd4 4. Nxd4 Nc6 5. Nc3 Qc7 6. Be3 a6 7. Qf3 Nf6 8.
O-O-O Be7 9. Qg3 Qxg3 10. hxg3 Ng4 11. Nxc6 dxc6 12. Bb6 Nf6 13. f3 Nd7 14. Be3
Bc5 15. Bxc5 Nxc5 16. Be2 e5 17. Rh5 f6 18. Rdh1 h6 19. f4 Nd7 20. Nd1 b6 21.
Ne3 Kd8 22. Nf5 Nc5 23. Nd6 Ke7 24. fxe5 fxe5 25. Nc4 Nd7 26. Bg4 g6 27. Rxh6
Rxh6 28. Rxh6 Nf8 29. Be2 b5 30. Nxe5 Kf6 31. Nd3 Be6 32. Nc5 Ke5 33. Rh8 a5
34. Bf3 Kd6 35. Nd3 Ke7 36. Nf4 Bf7 37. e5 Ra6 38. Nd3 Ne6 39. Bg4 Rb6 40. Ra8
a4 41. Ra7+ Kf8 42. Bxe6 Bxe6 43. Nc5 1-0

[Event "DPMM 2122 SG Lok Brandenburg - Greifswa"]
[Site "?"]
[Date "2022.03.26"]
[Round "20.1"]
[White "Weber, Max"]
[Black "Rehberg, Raphael"]
[Result "1-0"]
[WhiteElo "2238"]
[BlackElo "2202"]
[PlyCount "119"]
[EventDate "2022.??.??"]

1. Nf3 d5 2. d4 Nf6 3. c4 e6 4. g3 Be7 5. Bg2 O-O 6. O-O dxc4 7. Qc2 a6 8. a4
Bd7 9. Rd1 Bc6 10. Nc3 Bb4 11. Na2 Be7 12. Nc3 Bb4 13. Bg5 Bxc3 14. bxc3 Be4
15. Qa2 b5 16. Ne5 Bxg2 17. Kxg2 Qd5+ 18. f3 Nbd7 19. e4 Qb7 20. Bxf6 Nxf6 21.
Rab1 c5 22. Qxc4 Qxe4 23. fxe4 bxc4 24. Kf3 Rfc8 25. d5 exd5 26. exd5 Re8 27.
Nxc4 Re4 28. Nb6 Rae8 29. d6 Re2 30. Nd5 Nxd5 31. Rxd5 R8e3+ 32. Kg4 h5+ 33.
Rxh5 g6 34. Rd5 Re8 35. d7 Rd8 36. Rbd1 Re7 37. Rxc5 Rexd7 38. Rxd7 Rxd7 39. c4
Rd6 40. Kf4 Kf8 41. Rc7 Re6 42. h4 Kg7 43. c5 Re1 44. c6 a5 45. Ra7 Rc1 46. c7
Kf6 47. Ke4 Ke6 48. g4 Rc4+ 49. Kd3 Rc1 50. h5 gxh5 51. gxh5 Kd7 52. Rxa5 Kxc7
53. Ra7+ Kb6 54. Rxf7 Rh1 55. Rf5 Rh4 56. a5+ Kb7 57. Ke3 Kc6 58. Kf3 Kd6 59.
Kg3 Rh1 60. a6 1-0

[Event "DPMM 2122 SG Lok Brandenburg - Greifswa"]
[Site "?"]
[Date "2022.03.26"]
[Round "20.2"]
[White "Manzke, Lucas"]
[Black "Leisner, Hannes"]
[Result "1-0"]
[WhiteElo "1982"]
[BlackElo "2247"]
[PlyCount "61"]
[EventDate "2022.??.??"]

1. e4 c5 2. Nf3 e6 3. d4 cxd4 4. Nxd4 a6 5. Nc3 Qc7 6. Bd3 Bd6 7. Be3 Nf6 8.
Qe2 Nc6 9. O-O-O Be5 10. Nb3 O-O 11. Qd2 Ng4 12. Ne2 Nxe3 13. Qxe3 a5 14. f4 a4
15. Nd2 Bf6 16. e5 Be7 17. Qh3 h6 18. Ne4 f5 19. N4c3 a3 20. b3 Qa5 21. g4 Bb4
22. Nb5 Qb6 23. gxf5 exf5 24. Rhg1 Ne7 25. Nd6 Kh8 26. Bc4 Qd8 27. Rd3 Ng8 28.
Rdg3 Bxd6 29. Rxg7 Bxe5 30. Rxg8+ Kh7 31. R8g6 1-0

[Event "DPMM 2122 SG Lok Brandenburg - Greifswa"]
[Site "?"]
[Date "2022.03.26"]
[Round "20.3"]
[White "Walter, Guenter"]
[Black "Skibbe, Willi"]
[Result "0-1"]
[WhiteElo "2153"]
[BlackElo "2182"]
[PlyCount "78"]
[EventDate "2022.??.??"]

1. e4 Nf6 2. Nc3 e5 3. Nf3 d6 4. d4 Nbd7 5. Bc4 Be7 6. h3 O-O 7. Be3 c6 8. a4
Qc7 9. O-O h6 10. Re1 Re8 11. Bf1 Nf8 12. g3 Ng6 13. Bg2 Bf8 14. a5 d5 15. Nxe5
Nxe5 16. dxe5 Nxe4 17. Nxe4 dxe4 18. Bd2 Bf5 19. Bc3 Rad8 20. Qe2 Bc5 21. g4 e3
22. fxe3 Be6 23. b4 Bf8 24. Rad1 g6 25. Rxd8 Rxd8 26. Rd1 Bc4 27. Qe1 Re8 28.
Rd4 Be6 29. Qd2 c5 30. bxc5 Bxc5 31. Rd3 Bc4 32. Rd4 b5 33. Kf2 Bxd4 34. exd4
Rd8 35. Bb4 Bd5 36. Bf1 Ba8 37. c3 Qxe5 38. Qxh6 Qh2+ 39. Ke1 Re8+ 0-1

[Event "DPMM 2122 SG Lok Brandenburg - Greifswa"]
[Site "?"]
[Date "2022.03.26"]
[Round "20.4"]
[White "Stubbe, Wilko"]
[Black "Urban, Hans-Rainer"]
[Result "1-0"]
[WhiteElo "2213"]
[BlackElo "2072"]
[PlyCount "57"]
[EventDate "2022.??.??"]

1. e4 d6 2. d4 Nf6 3. Bd3 Nc6 4. c3 e5 5. Ne2 d5 6. exd5 Qxd5 7. O-O Be7 8. a3
Bg4 9. f3 Bh5 10. c4 Qd7 11. d5 O-O-O 12. Nbc3 Bc5+ 13. Kh1 Nd4 14. Ng3 Bg6 15.
b4 Be7 16. Be3 c5 17. Nce4 Bxe4 18. Nxe4 Nxe4 19. fxe4 f6 20. Bxd4 exd4 21. e5
Kb8 22. d6 Bf8 23. bxc5 fxe5 24. Be4 Bxd6 25. Rb1 Bxc5 26. Rxb7+ Qxb7 27. Bxb7
Kxb7 28. Rf7+ Kb6 29. Qb3+ 1-0

[Event "DPMM 2122 SF Essen-Katernberg - FC St."]
[Site "?"]
[Date "2022.03.27"]
[Round "20.1"]
[White "Krause, Benedict"]
[Black "Kueppers, Timo"]
[Result "1/2-1/2"]
[WhiteElo "2426"]
[BlackElo "2279"]
[PlyCount "61"]
[EventDate "2022.??.??"]

1. e4 c5 2. Nf3 d6 3. d4 cxd4 4. Nxd4 Nf6 5. Nc3 a6 6. Bg5 e6 7. f4 Be7 8. Qf3
Nbd7 9. O-O-O Qc7 10. f5 e5 11. Nde2 b5 12. Bxf6 Nxf6 13. Nd5 Nxd5 14. exd5 Qc4
15. Kb1 h5 16. Nd4 Qa4 17. b3 Qa3 18. Nc6 Bf6 19. Qe4 Bd7 20. Be2 Rc8 21. g3
O-O 22. Rhf1 Bxc6 23. dxc6 d5 24. Rxd5 Rxc6 25. Bd3 Rfc8 26. Rd7 a5 27. Qd5 e4
28. Qxf7+ Kh8 29. Qxh5+ Kg8 30. Qf7+ Kh8 31. Qh5+ 1/2-1/2

[Event "DPMM 2122 SF Essen-Katernberg - FC St."]
[Site "?"]
[Date "2022.03.27"]
[Round "20.2"]
[White "Rosen, Bernd"]
[Black "Feuerstack, Aljoscha"]
[Result "0-1"]
[WhiteElo "2310"]
[BlackElo "2478"]
[PlyCount "54"]
[EventDate "2022.??.??"]

1. c4 c5 2. g3 Nc6 3. Bg2 g6 4. Nc3 Bg7 5. Nf3 d6 6. d3 Bxc3+ 7. bxc3 Qd7 8. h4
h6 9. Bd2 b6 10. Qc1 Bb7 11. O-O f5 12. Bh3 O-O-O 13. a4 Na5 14. Ra3 g5 15.
hxg5 Bxf3 16. exf3 hxg5 17. Bg2 f4 18. gxf4 gxf4 19. Bxf4 e5 20. Bg3 Ne7 21.
Qe3 Nf5 22. Qe4 Kc7 23. f4 exf4 24. Qxf4 Qh7 25. Re1 Nxg3 26. Qxg3 Rdg8 27. Qf3
Qh1# 0-1

[Event "DPMM 2122 SF Essen-Katernberg - FC St."]
[Site "?"]
[Date "2022.03.27"]
[Round "20.3"]
[White "Schimnatkowski, Lukas"]
[Black "Ertan, Can"]
[Result "0-1"]
[WhiteElo "2216"]
[BlackElo "2382"]
[PlyCount "92"]
[EventDate "2022.??.??"]

1. e4 e5 2. Nf3 Nc6 3. Bc4 Bc5 4. O-O Nf6 5. d4 Bxd4 6. Nxd4 Nxd4 7. f4 d6 8.
fxe5 dxe5 9. Bg5 Be6 10. Na3 Qe7 11. c3 Nc6 12. Kh1 Rg8 13. Bb5 Bd7 14. Qf3
O-O-O 15. Bxf6 gxf6 16. Qxf6 Qxf6 17. Rxf6 Be6 18. Rf2 Rg4 19. Re1 Bxa2 20. h3
Rf4 21. Rxf4 exf4 22. Rf1 Rd2 23. Bxc6 bxc6 24. Rxf4 Rxb2 25. c4 Bb3 26. Rf3
Kd8 27. Kh2 Ke7 28. e5 a5 29. Kg3 a4 30. Rf6 Ra2 31. Nb1 Bxc4 32. Rxc6 Rxg2+
33. Kf4 Bb3 34. Rxc7+ Ke6 35. Ra7 Rf2+ 36. Kg4 Bd1+ 37. Kg3 Rf3+ 38. Kg2 Rb3
39. Ra6+ Kxe5 40. Ra5+ Kd6 41. Ra6+ Kc5 42. Nd2 Rb2 43. Ra5+ Kd4 44. Kf1 Rxd2
45. Ke1 Kd3 46. Ra7 Bb3 0-1

[Event "DPMM 2122 SF Essen-Katernberg - FC St."]
[Site "?"]
[Date "2022.03.27"]
[Round "20.4"]
[White "Voigt, Martin"]
[Black "Dette, Jan"]
[Result "1/2-1/2"]
[WhiteElo "2311"]
[BlackElo "2067"]
[PlyCount "74"]
[EventDate "2022.??.??"]

1. e4 e6 2. d4 d5 3. Nc3 Nf6 4. e5 Nfd7 5. f4 c5 6. Nf3 Nc6 7. Be3 Be7 8. Qd2
O-O 9. h4 f6 10. exf6 Nxf6 11. dxc5 Qa5 12. Nd4 Bxc5 13. Nb3 Bxe3 14. Qxe3 Qb4
15. a3 Ng4 16. axb4 Nxe3 17. Kd2 Nc4+ 18. Bxc4 dxc4 19. Na5 Nxa5 20. Rxa5 Rxf4
21. Ke3 Rf5 22. Rd1 Rf8 23. Rc5 e5 24. Rxc4 Bf5 25. Ne4 b5 26. Rc7 Bxe4 27.
Kxe4 Rf4+ 28. Ke3 Rxh4 29. Rd5 Rxb4 30. Rxe5 h6 31. Kf3 Rc4 32. Rb7 Rf8+ 33.
Kg3 Rf6 34. c3 a6 35. Re2 Rc5 36. Ra7 Kh7 37. Kh3 Rh5+ 1/2-1/2

[Event "DPMM 2122 SK Nordhorn Blanke - NickelhÃ"]
[Site "?"]
[Date "2022.03.27"]
[Round "20.1"]
[White "Spiess, Gunter"]
[Black "Kroeze, Frank"]
[Result "1/2-1/2"]
[WhiteElo "2388"]
[BlackElo "2387"]
[PlyCount "35"]
[EventDate "2022.??.??"]

1. d4 d5 2. c4 dxc4 3. Nf3 c5 4. e3 cxd4 5. Bxc4 Qc7 6. Bb3 dxe3 7. Bxe3 e6 8.
O-O Nf6 9. Nc3 a6 10. Rc1 Nc6 11. Na4 Bd7 12. Bb6 Qb8 13. Re1 Bb4 14. Re3 O-O
15. Rd3 Nd5 16. Bc5 Bxc5 17. Nxc5 Rd8 18. Bxd5 1/2-1/2

[Event "DPMM 2122 SK Nordhorn Blanke - NickelhÃ"]
[Site "?"]
[Date "2022.03.27"]
[Round "20.2"]
[White "Stotyn, Fabian"]
[Black "Wichmann, Cliff"]
[Result "0-1"]
[WhiteElo "2186"]
[BlackElo "2299"]
[PlyCount "74"]
[EventDate "2022.??.??"]

1. e4 e6 2. d4 d5 3. Nd2 Nf6 4. e5 Nfd7 5. Bd3 c5 6. c3 Nc6 7. Ne2 cxd4 8. cxd4
f6 9. exf6 Nxf6 10. O-O Bd6 11. Nf3 Qc7 12. Bg5 O-O 13. Bh4 Nh5 14. Qc2 h6 15.
Bh7+ Kh8 16. Bg6 Rxf3 17. Bxh5 Bxh2+ 18. Kh1 Rf5 19. Bg6 Bd6 20. Bxf5 exf5 21.
f4 Qf7 22. Kg1 Bd7 23. Bf2 Re8 24. a3 Re4 25. b4 Bxf4 26. b5 Nd8 27. Nxf4 Rxf4
28. Qc7 Ne6 29. Qxb7 Rg4 30. Qxd5 Qg6 31. Be3 f4 32. Bd2 Nxd4 33. Rf2 f3 34.
Rxf3 Rxg2+ 35. Kh1 Nxf3 36. Qxf3 Rg3 37. Qa8+ Kh7 0-1

[Event "DPMM 2122 SK Nordhorn Blanke - NickelhÃ"]
[Site "?"]
[Date "2022.03.27"]
[Round "20.3"]
[White "Schulz, Jens"]
[Black "Langrock, Hannes"]
[Result "1/2-1/2"]
[WhiteElo "2170"]
[BlackElo "2355"]
[PlyCount "51"]
[EventDate "2022.??.??"]

1. d4 Nf6 2. Nf3 d5 3. c4 e6 4. g3 dxc4 5. Bg2 Bd7 6. Ne5 Bc6 7. Nxc6 Nxc6 8.
Bxc6+ bxc6 9. O-O Be7 10. Qa4 O-O 11. Rd1 Rb8 12. a3 h6 13. Nc3 Nd5 14. Qxc4
Nxc3 15. Qxc3 Qd5 16. b4 a5 17. bxa5 c5 18. Be3 Rb3 19. Qc2 c4 20. Bd2 Bxa3 21.
Rxa3 Rxa3 22. Bb4 Rxa5 23. Bxa5 Qxa5 24. Qxc4 Rd8 25. Rc1 e5 26. Qxc7 1/2-1/2

[Event "DPMM 2122 SK Nordhorn Blanke - NickelhÃ"]
[Site "?"]
[Date "2022.03.27"]
[Round "20.4"]
[White "Poessel, Christian"]
[Black "Hoellmann, Ludger"]
[Result "1/2-1/2"]
[WhiteElo "1998"]
[BlackElo "2114"]
[PlyCount "67"]
[EventDate "2022.??.??"]

1. d4 d5 2. c4 e6 3. Nf3 Nf6 4. Nc3 Be7 5. Bf4 O-O 6. e3 b6 7. cxd5 Nxd5 8.
Nxd5 Qxd5 9. Qb3 Qa5+ 10. Nd2 Bd6 11. Bxd6 cxd6 12. Qc3 Qxc3 13. bxc3 Rd8 14.
a4 Nc6 15. Nb3 a5 16. Rb1 Rb8 17. Nd2 d5 18. Bd3 Bd7 19. Ke2 Na7 20. Ra1 Rdc8
21. Rhc1 Kf8 22. Nb3 Nc6 23. Kd2 Ke7 24. Rcb1 h6 25. Ra2 Nd8 26. Na1 f6 27. Bc2
Nf7 28. Bd3 Nd6 29. Nb3 g5 30. f3 Be8 31. e4 Bc6 32. Re1 Kd7 33. e5 fxe5 34.
Rxe5 1/2-1/2

[Event "DPMM 2122 SC Bavaria Regensburg 1881 -"]
[Site "?"]
[Date "2022.03.27"]
[Round "20.1"]
[White "Winterberg, Lukas"]
[Black "Kleibel, Uwe"]
[Result "1-0"]
[WhiteElo "2381"]
[BlackElo "2190"]
[PlyCount "67"]
[EventDate "2022.??.??"]

1. d4 d5 2. Nf3 Nf6 3. c4 e6 4. Nc3 a6 5. cxd5 exd5 6. Bg5 Be6 7. Bxf6 Qxf6 8.
Qb3 Ra7 9. h4 Qd8 10. Ng5 c6 11. Nxe6 fxe6 12. e4 Bd6 13. O-O-O O-O 14. g3 b5
15. e5 Bc7 16. Bh3 Qe8 17. Ne2 Bb6 18. f4 Nd7 19. Kb1 Rf7 20. g4 Nf8 21. f5 h5
22. Nf4 hxg4 23. Bxg4 exf5 24. Bh5 Ne6 25. Qg3 Nxf4 26. Qxf4 Qe6 27. Bxf7+ Rxf7
28. Rhg1 c5 29. h5 Bc7 30. Rg6 Qe7 31. Re1 cxd4 32. Qxd4 f4 33. e6 Rf5 34. h6
1-0

[Event "DPMM 2122 SC Bavaria Regensburg 1881 -"]
[Site "?"]
[Date "2022.03.27"]
[Round "20.2"]
[White "Oberhofer, Cedric"]
[Black "Ronge, Tim"]
[Result "1-0"]
[WhiteElo "2285"]
[BlackElo "2185"]
[PlyCount "39"]
[EventDate "2022.??.??"]

1. d4 d5 2. c4 e6 3. Nf3 a6 4. g3 dxc4 5. Bg2 Bd7 6. Ne5 Bc6 7. Nxc6 Nxc6 8. e3
Bb4+ 9. Bd2 Nge7 10. O-O Rb8 11. Qc1 Bxd2 12. Nxd2 Na5 13. Qc3 c6 14. b4 cxb3
15. axb3 b6 16. b4 Nb7 17. Bxc6+ Nxc6 18. Qxc6+ Kf8 19. Rxa6 Nd6 20. Rfa1 1-0

[Event "DPMM 2122 SC Bavaria Regensburg 1881 -"]
[Site "?"]
[Date "2022.03.27"]
[Round "20.3"]
[White "Arnhold, Steffi"]
[Black "Puth, Dieter"]
[Result "0-1"]
[WhiteElo "2100"]
[BlackElo "2234"]
[PlyCount "62"]
[EventDate "2022.??.??"]

1. e4 e5 2. Nf3 Nc6 3. Nc3 Nf6 4. d4 exd4 5. Nxd4 Bb4 6. Nxc6 bxc6 7. Bd3 d5 8.
e5 Ng4 9. O-O O-O 10. Bf4 f6 11. e6 Bxe6 12. Re1 Bd7 13. h3 Ne5 14. Bxe5 fxe5
15. Rxe5 Qf6 16. Qh5 g6 17. Rg5 Kg7 18. Rf1 Be7 19. Rg3 Rab8 20. f4 Qh4 21.
Qe5+ Bf6 22. Qe1 Bd4+ 23. Kh1 Rxf4 24. Rxf4 Qxf4 25. Rf3 Qd6 26. Ne2 Bxb2 27.
c3 Ba3 28. Qf1 Rf8 29. Nf4 Qe5 30. Nh5+ Qxh5 31. Rxf8 Bxf8 0-1

[Event "DPMM 2122 SC Bavaria Regensburg 1881 -"]
[Site "?"]
[Date "2022.03.27"]
[Round "20.4"]
[White "Schulz, Klaus-Juergen"]
[Black "Bunk, Wolfgang"]
[Result "1-0"]
[WhiteElo "2329"]
[BlackElo "2031"]
[PlyCount "69"]
[EventDate "2022.??.??"]

1. Nf3 Nf6 2. g3 g6 3. Bg2 Bg7 4. c4 O-O 5. O-O c5 6. d4 d6 7. Nc3 Nc6 8. d5
Na5 9. Nd2 e6 10. Qc2 exd5 11. cxd5 a6 12. b3 b5 13. Bb2 Re8 14. e4 b4 15. Nd1
Bd7 16. Ne3 Bb5 17. Rfe1 Nd7 18. f4 Bxb2 19. Qxb2 Qf6 20. e5 dxe5 21. Ng4 Qb6
22. Kh1 f6 23. fxe5 fxe5 24. Ne4 h5 25. Ne3 Nf6 26. Ng5 Qd6 27. a3 c4 28. bxc4
Nxc4 29. Nxc4 Bxc4 30. Qc2 Bxd5 31. Qxg6+ Kf8 32. Rf1 Bxg2+ 33. Kxg2 Qc6+ 34.
Kh3 Qc7 35. Rf5 1-0

[Event "DPMM 2122 SK 1980 Gernsheim - SC Viernh"]
[Site "?"]
[Date "2022.03.27"]
[Round "20.1"]
[White "Fedorchuk, Sergey A."]
[Black "Mueller, Maximilian"]
[Result "1-0"]
[WhiteElo "2604"]
[BlackElo "2311"]
[PlyCount "103"]
[EventDate "2022.??.??"]

1. e4 e5 2. Nf3 Nc6 3. Bc4 Bc5 4. d3 Nf6 5. O-O d6 6. c3 a6 7. a4 Ba7 8. Re1
Ne7 9. Nbd2 Ng6 10. Nf1 c6 11. Ng3 O-O 12. h3 d5 13. exd5 cxd5 14. Bb3 Ne8 15.
Be3 Bb8 16. a5 Be6 17. Bb6 Qe7 18. Qd2 h6 19. c4 dxc4 20. Bxc4 Nd6 21. Bxe6
Qxe6 22. Qb4 Qd5 23. Rad1 Re8 24. Ne4 f5 25. Nc3 Qc6 26. Qb3+ Kh7 27. Qd5 Qxd5
28. Nxd5 Nb5 29. Bc5 Bc7 30. Nxc7 Nxc7 31. Bd6 e4 32. Nd4 Nb5 33. Nxb5 axb5 34.
dxe4 fxe4 35. b4 Rac8 36. Rd5 Rcd8 37. Red1 e3 38. fxe3 Rxe3 39. Bc5 Re1+ 40.
Rxe1 Rxd5 41. Re6 Nf4 42. Rb6 Nd3 43. Be7 Rd7 44. Bd6 Kg6 45. Bb8+ Kf5 46.
Rxb5+ Ke4 47. Rb6 Kd5 48. b5 Kc5 49. Bg3 Nb4 50. Bf2+ Kc4 51. a6 bxa6 52. bxa6
1-0

[Event "DPMM 2122 SK 1980 Gernsheim - SC Viernh"]
[Site "?"]
[Date "2022.03.27"]
[Round "20.2"]
[White "Nies, Peter"]
[Black "Zaragatski, Ilja"]
[Result "0-1"]
[WhiteElo "2039"]
[BlackElo "2515"]
[PlyCount "108"]
[EventDate "2022.??.??"]

1. e4 c5 2. Nf3 d6 3. Bb5+ Bd7 4. Bxd7+ Nxd7 5. c4 Ngf6 6. Nc3 e6 7. O-O Ne5 8.
d3 Be7 9. Kh1 Nxf3 10. Qxf3 O-O 11. Qg3 Ne8 12. a3 Bh4 13. Qh3 Bf6 14. f4 Bxc3
15. bxc3 f5 16. Rb1 Qd7 17. e5 Rd8 18. Qf3 b6 19. Rd1 Qa4 20. Be3 Rf7 21. Qe2
Rfd7 22. d4 Nc7 23. Bf2 dxe5 24. Bh4 Re8 25. dxe5 Rf7 26. Qd3 Na6 27. h3 Nb8
28. Kh2 Nc6 29. Qd6 Na5 30. Rb5 Qxc4 31. Rxa5 bxa5 32. Qc6 Ref8 33. Rd4 Qxc3
34. Ra4 Qb3 35. Rxa5 Qb6 36. Rxc5 Qxc6 37. Rxc6 Re8 38. Ra6 Rb7 39. Bf2 Ree7
40. Bh4 Re8 41. Bf2 Kf7 42. Rxa7 Rxa7 43. Bxa7 Rc8 44. Bb6 Rc4 45. Kg3 Rc3+ 46.
Kh4 Rxa3 47. Bg1 Ra1 48. Be3 Re1 49. Bf2 Re2 50. Kg3 Ke8 51. Kf3 Ra2 52. g4
Ra3+ 53. Kg2 g6 54. Bc5 Rb3 0-1

[Event "DPMM 2122 SK 1980 Gernsheim - SC Viernh"]
[Site "?"]
[Date "2022.03.27"]
[Round "20.3"]
[White "Schupp, Uwe"]
[Black "Abergel, Thal"]
[Result "0-1"]
[WhiteElo "2118"]
[BlackElo "2374"]
[PlyCount "92"]
[EventDate "2022.??.??"]

1. g3 e5 2. Bg2 Nc6 3. d3 d5 4. a3 Be6 5. b4 Bd6 6. Bb2 Nf6 7. Nd2 Ne7 8. c4 c6
9. Qc2 O-O 10. c5 Bc7 11. Ngf3 Ng6 12. e4 d4 13. O-O h6 14. Nc4 Qd7 15. Kh1 Nh7
16. Ng1 f5 17. exf5 Rxf5 18. Nd2 Raf8 19. Ne4 Ng5 20. Rae1 Nxe4 21. Bxe4 R5f6
22. Qe2 Qf7 23. f3 Ne7 24. Bc1 Nd5 25. Bd2 Qd7 26. Kg2 R6f7 27. Bg6 Re7 28. Rf2
Nf6 29. Ref1 Bf5 30. Bxf5 Qxf5 31. Bc1 a5 32. Qa2+ Kh7 33. Qb3 axb4 34. axb4
Nd5 35. Re1 Ref7 36. Ne2 Bd8 37. g4 Qg6 38. Ng3 Bg5 39. Bxg5 Qxg5 40. b5 Ne3+
41. Rxe3 dxe3 42. Rf1 e2 43. Nxe2 Rxf3 44. Rxf3 Qxg4+ 45. Rg3 Qxe2+ 46. Kh3 Rf2
0-1

[Event "DPMM 2122 SK 1980 Gernsheim - SC Viernh"]
[Site "?"]
[Date "2022.03.27"]
[Round "20.4"]
[White "Spiegel, Stefan"]
[Black "Krinke, Michael"]
[Result "1/2-1/2"]
[WhiteElo "2143"]
[BlackElo "1976"]
[PlyCount "41"]
[EventDate "2022.??.??"]

1. e4 Nf6 2. e5 Nd5 3. d4 d6 4. Nf3 Nc6 5. c4 Nb6 6. exd6 cxd6 7. Be3 Bg4 8.
Nc3 g6 9. Be2 Bg7 10. O-O O-O 11. b3 d5 12. c5 Nc8 13. Qd2 e6 14. h3 Bxf3 15.
Bxf3 N8e7 16. Ne2 Nf5 17. g4 Nxe3 18. Qxe3 a5 19. Rab1 b6 20. a3 b5 21. Rbd1
1/2-1/2

[Event "DPMM 2122 SK Landau - SF Neckartenzling"]
[Site "?"]
[Date "2022.03.27"]
[Round "20.1"]
[White "Tscharotschkin, Michael"]
[Black "Bruch, Jochen"]
[Result "1/2-1/2"]
[WhiteElo "2153"]
[BlackElo "2202"]
[PlyCount "38"]
[EventDate "2022.??.??"]

1. e4 c5 2. c3 d5 3. exd5 Qxd5 4. d4 cxd4 5. cxd4 Nc6 6. Nf3 e5 7. Nc3 Bb4 8.
Bd2 Bxc3 9. Bxc3 e4 10. Ne5 Nxe5 11. dxe5 Ne7 12. Qa4+ Bd7 13. Qa3 Qe6 14. Rd1
O-O 15. Rd6 Qf5 16. Be2 Bc6 17. O-O Nd5 18. Bd4 Nf4 19. Qe3 Nxe2+ 1/2-1/2

[Event "DPMM 2122 SK Landau - SF Neckartenzling"]
[Site "?"]
[Date "2022.03.27"]
[Round "20.2"]
[White "Schmidt, Justus"]
[Black "Hallmann, Norbert"]
[Result "1/2-1/2"]
[WhiteElo "2154"]
[BlackElo "2096"]
[PlyCount "110"]
[EventDate "2022.??.??"]

1. e4 Nc6 2. Nc3 e5 3. Nf3 Nf6 4. g3 Be7 5. Bg2 d6 6. d3 Bg4 7. Be3 Qd7 8. h3
Bh5 9. Qd2 d5 10. exd5 Nxd5 11. g4 Nxc3 12. bxc3 Bg6 13. Rb1 Rb8 14. Qe2 e4 15.
dxe4 Bxe4 16. Ne5 Qd5 17. Rb5 Bxg2 18. Rxd5 Bxd5 19. Nxc6 bxc6 20. O-O O-O 21.
Bxa7 Ra8 22. Bd4 Bd6 23. c4 Rfe8 24. Qd3 Be4 25. Qc3 Ra3 26. Qe1 Re6 27. Be3
Bf3 28. c5 Bxc5 29. Bxc5 Rxe1 30. Rxe1 Ra8 31. a3 h5 32. gxh5 Ra5 33. Bb4 Rg5+
34. Kf1 Rxh5 35. Re8+ Kh7 36. Re7 c5 37. Ba5 Rxh3 38. Ke1 Rh1+ 39. Kd2 Rd1+ 40.
Kc3 Ra1 41. Bxc7 Rxa3+ 42. Kb2 Ra7 43. Rxf7 Bc6 44. Re7 Kg8 45. Bd6 Rxe7 46.
Bxe7 c4 47. Kc3 Bd5 48. Kd4 Be6 49. Ke5 Kf7 50. Bf8 g6 51. c3 Bf5 52. Bc5 Bd3
53. f4 Be2 54. Be3 Bd3 55. Bc1 Be2 1/2-1/2

[Event "DPMM 2122 SK Landau - SF Neckartenzling"]
[Site "?"]
[Date "2022.03.27"]
[Round "20.3"]
[White "Lang, Matthias"]
[Black "Tscharotschkin, Alexander"]
[Result "1-0"]
[WhiteElo "2155"]
[BlackElo "1960"]
[PlyCount "71"]
[EventDate "2022.??.??"]

1. d4 d5 2. Nf3 c6 3. c3 g6 4. Bf4 Bg7 5. e3 Nd7 6. Nbd2 Ngf6 7. h3 O-O 8. Be2
b6 9. O-O Bb7 10. b4 Re8 11. Qb3 Qc8 12. Rfc1 Ba6 13. c4 Ne4 14. b5 Nxd2 15.
Nxd2 Bb7 16. bxc6 Qxc6 17. Bf3 Qf6 18. cxd5 Rac8 19. Ne4 Qf5 20. g4 Bxd5 21.
gxf5 Bxb3 22. axb3 a5 23. Ng3 e5 24. fxe6 fxe6 25. Bc6 Red8 26. Ne4 Nc5 27.
Nxc5 Rxc6 28. Nd3 Rxc1+ 29. Rxc1 Rd5 30. Rc8+ Kf7 31. Rc7+ Kg8 32. b4 h5 33.
bxa5 bxa5 34. Ra7 Bxd4 35. Ra8+ Kh7 36. exd4 1-0

[Event "DPMM 2122 SK Landau - SF Neckartenzling"]
[Site "?"]
[Date "2022.03.27"]
[Round "20.4"]
[White "Ruprich, Udo"]
[Black "Bold, Andre"]
[Result "0-1"]
[WhiteElo "1962"]
[BlackElo "2132"]
[PlyCount "186"]
[EventDate "2022.??.??"]

1. d4 Nf6 2. Bf4 d5 3. Nf3 c6 4. e3 Bg4 5. Be2 Qb6 6. Qc1 e6 7. O-O Nbd7 8. h3
Bh5 9. Nbd2 h6 10. Re1 Be7 11. c4 O-O 12. c5 Qd8 13. Bd3 Bxf3 14. Nxf3 Ne4 15.
Bxe4 dxe4 16. Nd2 Nf6 17. Qc2 Qd5 18. Be5 Nd7 19. Bg3 f5 20. f3 exf3 21. Nxf3
Nf6 22. Nd2 Ne4 23. Nxe4 fxe4 24. b4 Bf6 25. Rad1 a5 26. bxa5 Rxa5 27. Re2 Rfa8
28. Rdd2 Kh7 29. Qb1 Rb5 30. Rb2 Raa5 31. Be1 Rxb2 32. Rxb2 Ra3 33. Rb3 Rxb3
34. Qxb3 Qxb3 35. axb3 Kg6 36. Kf1 e5 37. Bc3 Kf5 38. Ke2 g6 39. g3 Ke6 40. Kd2
exd4 41. exd4 Kd5 42. Ke3 Bg5+ 43. Ke2 h5 44. Bb2 Bd8 45. Bc3 b6 46. cxb6 Bxb6
47. Ke3 Bd8 48. Bb2 Bg5+ 49. Ke2 Bf6 50. g4 hxg4 51. hxg4 Bxd4 52. Bc1 Bf6 53.
Be3 Ke5 54. Kd2 Bh4 55. Ke2 Be7 56. Kd2 Bb4+ 57. Ke2 Bc3 58. Bh6 Bd4 59. Bg7+
Kd5 60. Bf8 Bg1 61. Bg7 Kc5 62. Bc3 Kd5 63. Bg7 Bd4 64. Bf8 Bf6 65. Ba3 Bg5 66.
Bb2 Bf4 67. Ba3 Ke5 68. Bb2+ Ke6 69. Bc3 Kd6 70. Bb2 Kd5 71. Ba3 Bg5 72. Bb2
Bh6 73. Ba3 e3 74. Be7 Ke4 75. Bd6 Bg5 76. Bg3 Bf4 77. Be1 Bd6 78. Ba5 g5 79.
Bb6 Kf4 80. Bxe3+ Kxg4 81. Kf2 Bf4 82. Bc5 Kh3 83. Kf3 Bc7 84. Bg1 g4+ 85. Ke4
Kg2 86. Bd4 g3 87. Bc5 Kf1 88. Kf5 g2 89. Ke6 Bg3 90. b4 Bf2 91. Bxf2 Kxf2 92.
Kd6 g1=Q 93. Kxc6 Qg8 0-1

[Event "DPMM 2122 SK Landau - SK Kirchweyhe"]
[Site "?"]
[Date "2022.05.21"]
[Round "30.1"]
[White "Brkic, Ante"]
[Black "Silber, Henning"]
[Result "1-0"]
[WhiteElo "2612"]
[BlackElo "2284"]
[PlyCount "61"]
[EventDate "2022.??.??"]

1. e4 e5 2. Nf3 Nc6 3. Bb5 a6 4. Ba4 Nf6 5. O-O Be7 6. d3 b5 7. Bb3 O-O 8. a4
Rb8 9. axb5 axb5 10. Nc3 d6 11. Re1 Bg4 12. Be3 Qd7 13. h3 Bh5 14. Nd5 Bxf3 15.
Qxf3 Nd4 16. Bxd4 exd4 17. Ra7 Nxd5 18. Bxd5 Bd8 19. Rea1 Qe7 20. g3 Qg5 21. h4
Qd2 22. Ra8 Bf6 23. Rxb8 Rxb8 24. Bb3 h6 25. Ra7 c5 26. Bxf7+ Kh8 27. Kg2 Qxc2
28. e5 Bxe5 29. Ra8 d5 30. Rxb8+ Bxb8 31. Bxd5 1-0

[Event "DPMM 2122 SK Landau - SK Kirchweyhe"]
[Site "?"]
[Date "2022.05.21"]
[Round "30.2"]
[White "Schmidt, Justus"]
[Black "Genov, Petar"]
[Result "1/2-1/2"]
[WhiteElo "2173"]
[BlackElo "2419"]
[PlyCount "78"]
[EventDate "2022.??.??"]

1. e4 c5 2. Nf3 d6 3. g3 Nf6 4. d3 Nc6 5. Bg2 g6 6. O-O Bg7 7. Re1 O-O 8. c3 e5
9. a3 d5 10. Nbd2 d4 11. Nc4 Ne8 12. cxd4 cxd4 13. a4 Nd6 14. b3 Re8 15. Nfd2
Be6 16. f4 f6 17. Rf1 Rb8 18. f5 Bf7 19. fxg6 hxg6 20. Nxd6 Qxd6 21. Nc4 Qd8
22. Ra2 b6 23. Ba3 Bxc4 24. bxc4 Bh6 25. h4 Be3+ 26. Kh2 Kg7 27. Bh3 a5 28. Rb2
Rh8 29. Rb5 Ne7 30. Qg4 Ng8 31. Rd5 Qe8 32. Rd7+ Kh6 33. h5 Bg5 34. Bc1 Bxc1
35. Rxc1 Rh7 36. Rxh7+ Kxh7 37. hxg6+ Qxg6 38. Qd7+ Qg7 39. Bf5+ Kh8 1/2-1/2